Normal view
MARC view
Entry Personal Name
001 - CONTROL NUMBER
- control field: 75175
003 - CONTROL NUMBER IDENTIFIER
- control field: dpl
005 - DATE AND TIME OF LATEST TRANSACTION
- control field: 20241216111357.0
008 - FIXED-LENGTH DATA ELEMENTS
- fixed length control field: 241216|| aca||aabn | a|a d
040 ## - CATALOGING SOURCE
- Original cataloging agency: dpl
- Transcribing agency: dpl
100 ## - HEADING--PERSONAL NAME
- Personal name: R, Charanya
670 ## - SOURCE DATA FOUND
- Source citation: Work cat.: (dpl)207704: Ramya, P. 75173, BIG DATA ANALYTICS:, 2024
